| 000 | 00909nam a2200277 a 4500 | ||
|---|---|---|---|
| 001 | 79882 | ||
| 003 | BD-RjUL | ||
| 005 | 20230515115719.0 | ||
| 008 | 220530r20222021ii b 001 0 eng d | ||
| 020 | _a9789390715664 | ||
| 035 | _a(BD-RjUL)79882 | ||
| 040 |
_aDKAGE _beng _cDKAGE _dOCLCQ _dNDL _dBD-RjUL |
||
| 041 | _aeng | ||
| 082 | 0 | 4 |
_222 _a342.5406 _bTHL 2022 |
| 100 | 1 |
_aTakwani, C. K., _d1943- _93302 |
|
| 245 | 1 | 0 |
_aLectures on administrative law / _cC.K. Thakker (Takwani) and M.C. Thakker ; foreword by D.A. Desai. |
| 246 | 3 | 0 | _aAdministrative law |
| 250 | _a7th ed. | ||
| 260 |
_aLucknow : _bEastern Book Co., _c2021, [reprint 2022] |
||
| 300 |
_alxvi, 566 p. ; _c25 cm. |
||
| 504 | _aIncludes bibliographical reference and index. | ||
| 650 | 0 |
_aAdministrative law _zIndia. _93303 |
|
| 650 | 0 |
_aAdministrative law _zIndia _vTextbooks. _93304 |
|
| 700 | 1 |
_aThakker, M. C. _93305 |
|
| 942 |
_2ddc _cBK |
||
| 999 |
_c79882 _d79882 |
||